| 000 | 00323 a2200133 4500 | ||
|---|---|---|---|
| 999 |
_c324941 _d324941 |
||
| 001 | 89868 | ||
| 003 | NUST | ||
| 082 | _a823.92 MUE | ||
| 100 |
_aMueenuddin Daniyal _99880 |
||
| 245 | _aIn other rooms, other wonders | ||
| 260 |
_aIndia _bRandom House _c2013 |
||
| 300 | _axii, 250p. | ||
| 500 | _aGeneral Books | ||
| 942 |
_aCAE NUST _cBK _k823.92 MUE _2ddc |
||